书目信息 |
| 题名: |
工作场所有害因素危害特性实用手册
|
|
| 作者: | 卢伟 主编 | |
| 分册: | ||
| 出版信息: | 北京 化学工业出版社 2008 |
|
| 页数: | 479页 | |
| 开本: | 21cm | |
| 丛书名: | 职业卫生工作系列图书 | |
| 单 册: | ||
| 中图分类: | R134-62 | |
| 科图分类: | ||
| 主题词: | 职业--有毒物质--手册 , 职业--有害物质--手册 , 有毒物质 , 有害物质 | |
| 电子资源: | ||
| ISBN: | 978-7-5025-8668-3 | |
| 000 | 00982oam2 2200277 45 | |
| 005 | 20100303151649.17 | |
| 010 | @a978-7-5025-8668-3@b精装@dCNY48.00 | |
| 100 | @a20100120d2008 ekmy0chiy0120 ea | |
| 101 | 0 | @achi |
| 102 | @aCN@b110000 | |
| 105 | @ay z 001yy | |
| 106 | @ar | |
| 200 | 1 | @a工作场所有害因素危害特性实用手册@AGong Zuo Chang Suo You Hai Yin Su Wei Hai Te Xing Shi Yong Shou Ce@f卢伟主编@FLu Wei Zhu Bian |
| 210 | @a北京@c化学工业出版社@d2008 | |
| 215 | @a479页@d21cm | |
| 225 | 2 | @a职业卫生工作系列图书 |
| 330 | @a本书分有毒物质、粉尘、其他三章,对工作场所有害因素的危害特性做了介绍,阐述了每一种毒物的危险特性、刺激性、急性毒性、中毒机理、临床表现、处理原则等。 | |
| 461 | 0 | @12001 @a职业卫生工作系列图书 |
| 606 | 0 | @a职业@x有毒物质@j手册 |
| 606 | 0 | @a职业@x有害物质@j手册 |
| 606 | 0 | @a有毒物质 |
| 606 | 0 | @a有害物质 |
| 690 | @aR134-62@v4 | |
| 701 | 0 | @a卢伟@ALu Wei@4主编 |
| 801 | 0 | @aCN@bTANGWEI@c20100303 |
| 905 | @b0584001-05@dR134-62@e82@f5 | |
| 工作场所有害因素危害特性实用手册/卢伟主编.-北京:化学工业出版社,2008 |
| 479页;21cm.-(职业卫生工作系列图书) |
| ISBN 978-7-5025-8668-3(精装):CNY48.00 |
| 本书分有毒物质、粉尘、其他三章,对工作场所有害因素的危害特性做了介绍,阐述了每一种毒物的危险特性、刺激性、急性毒性、中毒机理、临床表现、处理原则等。 |
| ● |
| 相关链接 |
|
|
|
|
正题名:工作场所有害因素危害特性实用手册
索取号:R134-62/82
 
预约/预借
| 序号 | 登录号 | 条形码 | 馆藏地/架位号 | 状态 | 备注 |
| 1 | 0584001 | 205840018 | 第二样本阅览室/ [索取号:R134-62/82] | 在馆 | |
| 2 | 0584002 | 205840027 | 密集书库-化学系/ [索取号:R134-62/82] | 在馆 | |
| 3 | 0584003 | 205840036 | 第三借阅区/ [索取号:R134-62/82] | 在馆 | |
| 4 | 0584004 | 205840045 | 教育系资料室/ [索取号:R134-62/82] | 在馆 | |
| 5 | 0584005 | 205840054 | 教育系资料室/ [索取号:R134-62/82] | 在馆 |